Harry Potter y el misterio del príncipe / (Registro nro. 3705)

Detalles MARC
000 -CABECERA
Longitud fija campo de control 00856nam a2200265 a 4500
003 - • IDENTIFICADOR DELl NÚMERO DE CONTROL
Identificador del número de control CO-ViMGA
005 - • FECHA Y HORA DE LA ÚLTIMA TRANSACCIÓN
Fecha y hora de la última transacción 20230915232211.0
008 - • CÓDIGOS DE INFORMACIÓN DE LONGITUD FIJA
Códigos de información de longitud fija 120712s2012 sp gr 0001f spa d
020 ## - • NÚMERO INTERNACIONAL NORMALIZADO PARA LIBROS
Número Internacional Normalizado para Libros (ISBN) 9788498384482
040 ## - FUENTE DE LA CATALOGACIÓN
Centro catalogador de origen CO-ViMGA
Lengua de catalogación spa
Centro transcriptor CO-ViMGA
041 1# - • CÓDIGO DE LENGUA
Código de lengua original eng
043 ## - CÓDIGO DE ÁREA GEOGRÁFICA
Código de área geográfica e-uk-en
082 04 - • NÚMERO DE LA CLASIFICACIÓN DECIMAL DEWEY
Número de clasificación (R) 823.91
Número del ítem R685m1
Número de edición 19
100 1# - • PUNTO DE ACCESO PRINCIPAL-NOMBRE DE PERSONA
Nombre de persona Rowling, J. K.,
Fechas asociadas al nombre 1965-
245 10 - • TITULO PROPIAMENTE DICHO
Título Harry Potter y el misterio del príncipe /
Mención de responsabilidad, etc. J. K. Rowling ; traducción Gemma Rovira Ortega.
300 ## - • DESCRIPCIÓN FÍSICA
Extensión 602 p. ;
Dimensiones 20 cm.
490 0# - • MENCIÓN DE SERIE
Mención de serie Libros de bolsillo ;
Designación de volumen o secuencia 136
534 ## - • Nota De Versión Original
-- Título original :
Título Harry potter and the half-bood prince.
650 14 - • PUNTO DE ACCESO ADICIONAL DE MATERIA - TÉRMINO DE MATERIA
Término de materia o nombre geográfico como elemento inicial Brujería
Subdivisión de forma Novela.
650 14 - • PUNTO DE ACCESO ADICIONAL DE MATERIA - TÉRMINO DE MATERIA
Término de materia o nombre geográfico como elemento inicial Magia
Subdivisión de forma Novela.
650 14 - • PUNTO DE ACCESO ADICIONAL DE MATERIA - TÉRMINO DE MATERIA
Término de materia o nombre geográfico como elemento inicial Novela inglesa.
700 1# - • PUNTO DE ACCESO ADICIONAL - NOMBRE DE PERSONA
Nombre de persona Rovira Ortega, Gemma,
Término indicativo de función tr.
942 ## - ENTRADA DE ELEMENTOS AGREGADOS (KOHA)
Fuente de clasificaión o esquema Dewey Decimal Classification
Koha [por defecto] tipo de item LIbro
Existencias
Perdido Fuente de clasificación o esquema Estado Físico No para préstamo Forma de adquisición Localización permanente Localización actual Fecha adquisición Préstamos totales Signatura completa Código de barras Fecha última consulta Número de copia Fecha del precio de reemplazo Tipo de item de Koha Renovaciones totales Fecha último préstamo
  Dewey Decimal Classification     Sala General Biblioteca Comunitaria - Villavicencio Biblioteca Comunitaria - Villavicencio 12/29/2015   823.91 R685m1 029671 07/23/2018 Ej. 1 07/23/2018 LIbro    
  Dewey Decimal Classification     Sala General Segundo Piso Biblioteca Pública Germán Arciniegas - Villavicencio Biblioteca Pública Germán Arciniegas - Villavicencio 12/29/2015 6 823.91 R685m1 29671 09/11/2025 Ej. 1 12/29/2015 LIbro 1 09/04/2025
  Dewey Decimal Classification     Sala General Segundo Piso Biblioteca Pública Germán Arciniegas - Villavicencio Biblioteca Pública Germán Arciniegas - Villavicencio 12/29/2015 1 823.91 R685m1 32812 04/06/2026 Ej. 1 03/27/2019 LIbro   03/20/2026
  Dewey Decimal Classification     Sala General Segundo Piso Biblioteca Pública Germán Arciniegas - Villavicencio Biblioteca Pública Germán Arciniegas - Villavicencio 12/29/2015   823.91 R685m1 0029671 07/25/2018 Ej. 1 07/25/2018 LIbro    









Instituto Departamental de Cultura del Meta - Red Departamental de Bibliotecas Públicas del Meta.